000 00965nam a2200205 a 4500
001 000041923
005 20201002035831.0
008 130725s2000 sp a 001 0 spa d
020 _a8400079078
040 _aDO-SdBNP
_bspa
_cBNPHU
111 2 _aSimposio de la sociedad española de ecología terrestre
_c(Granada
_d2000 : 11-13 feb. )
_968457
245 1 0 _aEcosistemas mediterráneos :
_banálisis funcional : Simposio de la Sociedad Española de Ecología Terrestre celebrado en Granada del 11 al 13 de Febrero, 2000 /
_ceditado por Regino Zamora Rodríguez, Francisco Ignacio Pugnaire de Iraola.
260 _aMadrid :
_bConsejo Superior de Investigaciones Científicas.,
_c2000.
300 _a463 p. :
_bil., mapas ;
_c22 cm.
490 1 _aTextos universitarios
_v27
500 _aIncluye índice
504 _aBibliografía : 182- 186
710 2 _aConsejo Superior de Investigaciones Científicas (España)
_915178
830 0 _aTextos universitarios
_v27
_91147
999 _c41412
_d41412